[Event "Titled Tuesday intern op 19th May"]
[Site "Chess.com INT"]
[Date "2020.05.19"]
[Round "10"]
[White "Holt, Conrad"]
[Black "Franca, Ricardo Bedin"]
[Result "1-0"]
[WhiteElo "2549"]
[BlackElo "2278"]
[PlyCount "91"]
[EventDate "2020.05.19"]
[EventType "swiss (blitz)"]
[EventRounds "10"]
[EventCountry "USA"]
[SourceTitle "EXT 2021"]
[Source "ChessBase"]
[SourceDate "2020.10.23"]
[SourceVersion "1"]
[SourceVersionDate "2020.10.23"]
[SourceQuality "1"]

1. d4 Nf6 2. c4 c5 3. d5 e6 4. Nc3 exd5 5. cxd5 d6 6. e4 g6 7. h3 Bg7 8. Nf3 0-0 9. Bd3 a6 10. a4 Nh5 11. 0-0 Nd7 12. Re1 Ne5 13. Be2 Nxf3+ 14. Bxf3 Qh4 15. Bxh5 gxh5 16. Qd2 f5 17. Qg5 Qxg5 18. Bxg5 Re8 19. Bf4 Bf8 20. e5 dxe5 21. Bxe5 Bd7 22. a5 Kf7 23. Re3 c4 24. d6 Bc6 25. Ne2 Rad8 26. Rd1 h4 27. Rd4 Bh6 28. Bf4 Bxf4 29. Nxf4 Rxe3 30. fxe3 Kf6 31. Rxc4 Rxd6 32. Rd4 Ke7 33. Kf2 Be4 34. Ne2 Rxd4 35. exd4 Kd6 36. Nc3 Ke6 37. g3 hxg3+ 38. Kxg3 Bc6 39. Kf4 Bg2 40. h4 h6 41. Nd1 Kd5 42. Ne3+ Kxd4 43. Nxg2 Kd3 44. Ne3 Kd4 45. Nxf5+ Kc5 46. Nxh6 1-0

[Event "Titled Tuesday intern op 19th May"]
[Site "Chess.com INT"]
[Date "2020.05.19"]
[Round "7"]
[White "Valverde Herrera, Jose Daniel"]
[Black "Franca, Ricardo Bedin"]
[Result "0-1"]
[WhiteElo "1032"]
[BlackElo "2278"]
[PlyCount "78"]
[EventDate "2020.05.19"]
[EventType "swiss (blitz)"]
[EventRounds "10"]
[EventCountry "USA"]
[SourceTitle "EXT 2021"]
[Source "ChessBase"]
[SourceDate "2020.10.23"]
[SourceVersion "1"]
[SourceVersionDate "2020.10.23"]
[SourceQuality "1"]

1. Nf3 Nf6 2. g3 d5 3. Bg2 c6 4. 0-0 Bf5 5. d3 e6 6. c3 Be7 7. Qb3 Qb6 8. Be3 Qxb3 9. axb3 a6 10. b4 Nbd7 11. Nbd2 Ng4 12. Nb3 Nxe3 13. fxe3 0-0 14. Na5 Rab8 15. Nd4 Bg6 16. Naxc6 bxc6 17. Nxc6 Bg5 18. Nxb8 Bxe3+ 19. Kh1 Nxb8 20. b3 Bd2 21. c4 dxc4 22. bxc4 Bxb4 23. Rfc1 a5 24. c5 Na6 25. c6 Nc7 26. Rc4 Rd8 27. Rb1 Kf8 28. h4 Ke7 29. Bf3 f6 30. Kg2 e5 31. Rg4 Rd4 32. Rxd4 exd4 33. Rc1 Bf7 34. Be4 h6 35. g4 a4 36. Ra1 a3 37. Kg3 a2 38. g5 hxg5 39. hxg5 Bc3 0-1

[Event "Bethune op 31st"]
[Site "Bethune"]
[Date "2010.12.26"]
[Round "1"]
[White "Franca, Ricardo Bedin"]
[Black "Socko, Bartosz"]
[Result "0-1"]
[WhiteElo "2329"]
[BlackElo "2660"]
[PlyCount "80"]
[EventDate "2010.12.26"]
[EventType "swiss"]
[EventRounds "9"]
[EventCountry "FRA"]
[SourceTitle "EXT 2015"]
[Source "ChessBase"]
[SourceDate "2014.11.20"]
[SourceVersion "1"]
[SourceVersionDate "2014.11.20"]
[SourceQuality "1"]

1. e4 e6 2. d4 d5 3. Nc3 Bb4 4. e5 Ne7 5. a3 Bxc3+ 6. bxc3 c5 7. Qg4 Kf8 8. h4 Qc7 9. Kd1 b6 10. h5 h6 11. Bd2 Ba6 12. Bxa6 Nxa6 13. Rh3 Rc8 14. Rc1 Nb8 15. Rf3 Kg8 16. Qf4 Rf8 17. g4 Nbc6 18. Rg3 f6 19. exf6 Qxf4 20. Bxf4 gxf6 21. dxc5 bxc5 22. Bd6 c4 23. Rb1 Re8 24. f4 Rh7 25. Nf3 Rg7 26. Rb7 Nf5 27. Rxg7+ Nxg7 28. Rg1 Kf7 29. Kd2 Rd8 30. Bc5 a6 31. Nd4 Nxd4 32. cxd4 f5 33. gxf5 Nxf5 34. Rb1 Rg8 35. Rb6 Rg2+ 36. Kc1 c3 37. Kb1 Ne3 38. Rc6 Nxc2 39. Bd6 Nxd4 40. Rc7+ Ke8 0-1

[Event "FRA-ch blitz"]
[Site "Paris"]
[Date "2010.??.??"]
[Round "8"]
[White "Cori, Jorge Moise"]
[Black "Franca, Ricardo Bedin"]
[Result "0-1"]
[WhiteElo "2418"]
[BlackElo "2300"]
[PlyCount "100"]
[EventDate "2010.02.??"]
[EventType "tourn (blitz)"]
[EventRounds "13"]
[EventCountry "FRA"]
[SourceTitle "EXT 2011"]
[Source "ChessBase"]
[SourceDate "2010.11.26"]
[SourceVersion "1"]
[SourceVersionDate "2010.11.26"]
[SourceQuality "1"]

1. e4 c5 2. Nf3 d6 3. Bb5+ Bd7 4. Bxd7+ Qxd7 5. 0-0 Nc6 6. c3 Nf6 7. Re1 e6 8. d4 cxd4 9. cxd4 d5 10. e5 Ne4 11. Be3 Be7 12. Nfd2 Nxd2 13. Qxd2 Rc8 14. Nc3 Bb4 15. Rac1 Na5 16. a3 Nc4 17. Qe2 Nxa3 18. f4 Nc4 19. Rf1 0-0 20. Bf2 Rc6 21. b3 Na5 22. Na2 Be7 23. Rxc6 Nxc6 24. Be3 f5 25. exf6 Bxf6 26. Qd2 Qc7 27. Nc3 Qb6 28. Na4 Qxb3 29. Nc5 Qxe3+ 30. Qxe3 Bxd4 31. Qxd4 Nxd4 32. g3 b6 33. Nd7 Rc8 34. Rd1 Rc4 35. Ne5 Rb4 36. Nd3 Ra4 37. Kg2 Ra2+ 38. Nf2 Nf5 39. Rc1 h5 40. Kf3 Nd4+ 41. Kg2 b5 42. Rc8+ Kh7 43. Kf1 Nf3 44. Nd3 Nxh2+ 45. Kg1 Nf3+ 46. Kf1 a5 47. Rb8 b4 48. Nc5 Nd4 49. Rb7 b3 50. Nd7 b2 0-1

[Event "FRA-ch blitz"]
[Site "Paris"]
[Date "2010.??.??"]
[Round "10"]
[White "Fier, Alexandr"]
[Black "Franca, Ricardo Bedin"]
[Result "1-0"]
[WhiteElo "2625"]
[BlackElo "2300"]
[PlyCount "57"]
[EventDate "2010.02.??"]
[EventType "tourn (blitz)"]
[EventRounds "13"]
[EventCountry "FRA"]
[SourceTitle "EXT 2011"]
[Source "ChessBase"]
[SourceDate "2010.11.26"]
[SourceVersion "1"]
[SourceVersionDate "2010.11.26"]
[SourceQuality "1"]

1. d4 d5 2. c4 c6 3. Nf3 Nf6 4. e3 a6 5. Bd3 b5 6. b3 Bg4 7. Nbd2 Nbd7 8. Bb2 e6 9. Qc2 Bxf3 10. Nxf3 Bb4+ 11. Ke2 0-0 12. Rhd1 Rc8 13. c5 Ba5 14. a4 Bc7 15. axb5 axb5 16. Ra6 Bb8 17. Ne5 Nxe5 18. dxe5 Nd7 19. Bxh7+ Kh8 20. Bd3 Bxe5 21. b4 Qh4 22. Qb3 Qg4+ 23. Kf1 Bxb2 24. Be2 Qh4 25. Qxb2 Qxh2 26. Bf3 Ne5 27. Ke2 Nxf3 28. gxf3 e5 29. Raa1 1-0

[Event "FRA-ch blitz"]
[Site "Paris"]
[Date "2010.??.??"]
[Round "9"]
[White "Franca, Ricardo Bedin"]
[Black "Fedorchuk, Sergey A"]
[Result "0-1"]
[WhiteElo "2296"]
[BlackElo "2645"]
[PlyCount "76"]
[EventDate "2010.02.??"]
[EventType "tourn (blitz)"]
[EventRounds "13"]
[EventCountry "FRA"]
[SourceTitle "EXT 2011"]
[Source "ChessBase"]
[SourceDate "2010.11.26"]
[SourceVersion "1"]
[SourceVersionDate "2010.11.26"]
[SourceQuality "1"]

1. e4 c5 2. Nc3 e6 3. f4 a6 4. g3 b5 5. Bg2 Bb7 6. d3 b4 7. Nce2 d5 8. Nh3 dxe4 9. Bxe4 Bxe4 10. dxe4 Qxd1+ 11. Kxd1 Nc6 12. Be3 0-0-0+ 13. Kc1 Nf6 14. Nf2 h5 15. h3 e5 16. f5 g6 17. a3 Kb7 18. Rd1 Rxd1+ 19. Kxd1 gxf5 20. exf5 Bh6 21. Bxc5 Rd8+ 22. Ke1 Rd2 23. axb4 Rxc2 24. Rd1 Rxb2 25. Rd6 Bg7 26. Nc3 Kc7 27. Nd3 Rb3 28. Nd5+ Nxd5 29. Rxd5 e4 30. Bd6+ Kc8 31. Nc5 Rxb4 32. Nxa6 Rb2 33. Nc5 Bc3+ 34. Kf1 e3 35. Nd3 e2+ 36. Kg1 Rd2 37. Rc5 Rxd3 38. Rxc6+ Kd7 0-1